Country by Year of Independence - Asia - Statistics

General Stats
  • This quiz has been taken 943 times
  • The average score is 25 of 48
Answer Stats
Year of
Independence
Country % Correct
660 B.C. Japan
93%
221 B.C. China
91%
2002 East Timor
72%
1947 (Aug 15) India
67%
1991 (Oct 18) Azerbaijan
66%
1501 Iran
66%
1991 (Dec 16) Kazakhstan
66%
1991 (Sept 9) Tajikistan
66%
1991 (Sept 1) Uzbekistan
66%
1991 (Sept 23) Armenia
65%
1991 (Dec 26) Georgia
65%
1991 (Oct 27) Turkmenistan
65%
1991 (Dec 26) Kyrgyzstan
64%
1947 (Aug 14) Pakistan
61%
1948 (May 14) Israel
57%
1923 Turkey
55%
1971 (Mar 26) Bangladesh
52%
1782 Thailand
51%
1976 Vietnam
51%
1924 Mongolia
48%
1965 (Aug 9) Singapore
47%
1945 Indonesia
46%
1932 (Oct 3) Iraq
46%
1948 (Aug 15) South Korea
46%
1768 Nepal
45%
1948 (Sept 9) North Korea
45%
1656 Oman
45%
1932 (Sept 23) Saudi Arabia
45%
1907 Bhutan
44%
1953 (Nov 9) Cambodia
44%
1948 (Jan 4) Myanmar
44%
1990 Yemen
44%
1946 (May 25) Jordan
43%
1953 (Oct 22) Laos
43%
1971 (Sept 3) Qatar
43%
1948 (Feb 4) Sri Lanka
43%
1946 (Apr 17) Syria
43%
1971 (Dec 2) United ArabEmirates
43%
1971 (Aug 15) Bahrain
42%
1963 Malaysia
42%
1946 (Jul 4) Philippines
42%
1926 Afghanistan
39%
1984 Brunei
39%
1943 Lebanon
39%
1961 Kuwait
37%
1965 (Jul 26) Maldives
36%
1960 Cyprus
33%
1911 Taiwan
32%
No matching quizzes found
Score Distribution
Percent of People with Each Score
Percentile by Number Answered
Your Score History
You have not taken this quiz